000 01145cam a22002175a 4500
001 L150420
008 100712s2010 xxk 000 0 eng d
035 _a(Sirsi) u150420
041 0 _aeng
100 1 _aFahy, Michael
245 0 0 _aAhead of the game
490 _aSolicitors Journal Property Focus
_vJune 2010, 19-20(2)
520 _aGreen leases in the current economic climate? Flexible green leases could offer numerous benefits to landlords and tenants giving them the opportunity to prepare for potential future legislation in this area. Looks into the advantages of green leases, the barriers to their uptake and the different levels of green. Refers to the Better Building Partnership's green lease toolkit. Tabulates examples of essential green lease clauses and the key points to note if you are considering going green.
590 _aKA
650 2 4 _aCLIMATE CHANGE ACT 2008
650 2 4 _aCARBON REDUCTION COMMITMENT
650 2 4 _aCOMPANIES ACT 2006 S172
651 4 _aUnited Kingdom
_y
690 _aPROPERTY-COMMERCIAL PROPERTY-LEASEHOLD COMMERCIAL PROPERTY-COMMERCIAL LANDLORD AND TENANT-COMMERCIAL LEASES
942 _n0
999 _c82500
_d82500